Maths - Logarithm base 10 of 2 to 15 and more - Statistics

General Stats
  • This quiz has been taken 11 times
    9 since last reset
  • The average score is 64 of 85
Answer Stats
Digit % Correct
0
100%
0
100%
0
100%
1
100%
1
100%
2
100%
3
100%
3
100%
4
100%
6
100%
6
100%
7
100%
7
100%
7
100%
8
100%
0
83%
0
83%
0
83%
1
83%
1
83%
1
83%
1
83%
1
83%
1
83%
2
83%
2
83%
3
83%
3
83%
4
83%
4
83%
4
83%
4
83%
4
83%
4
83%
5
83%
5
83%
5
83%
6
83%
7
83%
7
83%
7
83%
8
83%
8
83%
9
83%
9
83%
9
83%
9
83%
9
83%
9
83%
0
67%
0
67%
0
67%
0
67%
0
67%
0
67%
0
67%
1
67%
1
67%
1
67%
2
67%
3
67%
3
67%
3
67%
4
67%
4
67%
6
67%
6
67%
7
67%
8
67%
9
67%
9
67%
9
67%
9
67%
3
50%
4
50%
0
33%
0
33%
2
33%
2
33%
2
33%
2
33%
2
33%
3
33%
3
33%
4
33%
No matching quizzes found
Score Distribution
Percent of People with Each Score
Percentile by Number Answered
Your Score History
You have not taken this quiz since the last reset